| 000 | 00522cam a22001931 4500 | ||
|---|---|---|---|
| 001 | 46043 | ||
| 090 | _a46043 | ||
| 100 | _a19911115d1972 m y0pory5003 ba | ||
| 101 | 0 | _apor | |
| 102 | _aPT | ||
| 200 | 1 |
_aA olaria nos puncões ou marcas de Ourives _fMargarida Ribeiro |
|
| 210 | 9 |
_aGuimarães _c[s.n.], _d1972 |
|
| 215 |
_a7 p., [1] f. il. _cil. _d24 cm |
||
| 305 | _aSep. Rev. de Guimarães, 82 | ||
| 675 |
_a739.1 _vBN _zpor |
||
| 675 |
_a398 _vBN _zpor |
||
| 700 | 1 |
_aRibeiro, _bMargarida, _f1911- |
|
| 801 | 0 |
_aPT _bBN _gRPC |
|
| 990 | _cLIVROS | ||